Normal view MARC view

Entry Personal Name

Number of records used in: 0

001 - CONTROL NUMBER

  • control field: 802003

003 - CONTROL NUMBER IDENTIFIER

  • control field:

005 - DATE AND TIME OF LATEST TRANSACTION

  • control field: 20210627055747.0

008 - FIXED-LENGTH DATA ELEMENTS

  • fixed length control field: 210627|| aca||aabn | a|a d

040 ## - CATALOGING SOURCE

  • Original cataloging agency:
  • Transcribing agency:

100 ## - HEADING--PERSONAL NAME

  • Personal name: Trotter, V. M. Coutts
  • Fuller form of name: (Victor Murray Coutts),
  • Dates associated with a name: 1874-

670 ## - SOURCE DATA FOUND

  • Source citation: Work cat.: ()670736: Mayne, John D. (John Dawson), 1828-1917 778523, A treatise on Hindu law and usage /, 1922
                                                                           
web counter

Copyright ©2020 The National Library of India, Govt. of India ↔ Hosted by NVLI, MOC ↔ Technology and Design by National Library of India, Ministry of Culture, Govt. of India